| 000 | 00427cam a2200169ua 4500 | ||
|---|---|---|---|
| 041 |
_aeng _h |
||
| 082 |
_a658.15 _bHUN/BA |
||
| 100 | _aHunt, Pearson . | ||
| 245 |
_aBasic business finance / _cPearson Hunt. _hTextual Documents |
||
| 260 |
_a : _bRichard D IRWIN , _c1961. |
||
| 300 | _a946 ; . | ||
| 504 | _a | ||
| 700 | 1 | _aDonaldson, Gordon . | |
| 700 | 1 | _aWilliams , Charles M . | |
| 942 | _cBK | ||
| 999 |
_c6385 _d6385 |
||